| 000 | 00681nam a2200241Ia 4500 | ||
|---|---|---|---|
| 003 | GCL | ||
| 008 | 140319s9999 xx 000 0 eng d | ||
| 020 | _a1857152514 | ||
| 040 |
_aGCL / _cGCL |
||
| 082 | 0 | 4 |
_a891.7 _bP C |
| 100 | 1 | _aPUSHKIN, ALEXANDER | |
| 245 | 1 | 0 |
_aTHE COLLECTED STORIES / _cPUSHKIN, ALEXANDER |
| 700 | 1 | _aDEBREZENY, PAUL | |
| 700 | 1 | _aBAYLEY, JOHN | |
| 700 | 1 | _aARNDI, WALTER | |
| 260 |
_aانجلترا : _bEVERYMAN'S LIBRARY ، _c1999 |
||
| 300 |
_a21 CM ؛ _cIV, 548 P |
||
| 490 |
_aTHE MILLENNIUM LIBRARY _v251 |
||
| 650 | 0 | 4 | _aLITERATURE |
| 650 | 0 | 4 | _aRUSSIAN LITERATURE - TRANSLATION INTO ENGLISH |
| 650 | 0 | 4 | _aRUSSIAN FICTION |
| 942 |
_2ddc _cBK |
||
| 999 |
_c6467 _d6467 |
||